00956 a2200181 4500003000500000005001700005040000900022082001500031100003000046245007200076260003300148300002700181505039300208650001800601942001200619999001900631952012400650Nust20230126150935.0 cNust a828.91,BAI a Baillie, Eileen.9107800 aThe shabby paradise; the autobiography of a decade /c by Dick Hart aLondon,b Hutchinsonc[1958] a222 p.b illus. 22 cm. aView from a Slum Window (Page-11), East of Aldgate Pump (Page-35), The Finest Playground in London (Page-53), The Penitent Bargee (Page-69), The Sheet Anchor (Page-85), Born in the Cloth (Page-99), A Piece of Tarred Twine (Page-115), Edwardian Nursery (Page-135), Matthew Mark Luke and John (Page-153), Rural Pursuits (Page-171), Urban Diversions (Page-187), Popular Pavements (Page-201). aFiction93172 2ddccBK c186064d186064 00102ddc4070aMCSbMCScGENd2016-12-12o828.91,BAIpMCS29258r2016-12-08w2016-12-12yBKzAlmirah No.58, Shelf No.1